Zber dát z úložísk softvérových projektov

Salvato in:
Dettagli Bibliografici
Autore principale: Dlhá, Mária (Autore)
Altri autori: Rástočný, Karol (Relatore della tesi)
Natura: Manoscritto Libro
Lingua:slovacco
Pubblicazione: 2017
Soggetti:
Accesso online:http://is.stuba.sk/zp/portal_zp.pl?podrobnosti=115446
Tags: Aggiungi Tag
Nessun Tag, puoi essere il primo ad aggiungerne!!

MARC

LEADER 00000ntm a22000003a 4500
001 stuzp64388
003 SK-STU
005 20170624213327.9
007 ta
008 150427s2015----xo-----f-mn---000-0-slo-d
040 |a STU  |b slo 
041 0 |a slo 
100 1 |a Dlhá, Mária  |u 070200  |4 aut  |U FIIT Fakulta informatiky a informačných technológií  |T FIIT Ústav informatiky, informačných systémov a softvérového inžinierstva  |X 73711  |U I200  |Y 179  |7 73711 
242 0 1 |a MINING DATA FROM REPOSITORIES OF SOFTWARE PROJECTS  |y eng 
245 1 0 |a Zber dát z úložísk softvérových projektov 
260 |c 2017 
650 4 |a GitHub  |2 slo 
650 4 |a dolovanie dát  |2 slo 
650 4 |a RDF trojice  |2 slo 
650 4 |a GitHub  |2 eng 
650 4 |a data mining  |2 eng 
650 4 |a RDF triples  |2 eng 
700 1 |a Rástočný, Karol  |u 070200  |k Z1  |4 ths  |U FIIT Fakulta informatiky a informačných technológií  |T FIIT Ústav informatiky, informačných systémov a softvérového inžinierstva  |X 36279  |U I200  |Y 179  |7 36279 
856 4 |u http://is.stuba.sk/zp/portal_zp.pl?podrobnosti=115446 
996 |c I* BAP213/17  |l II680  |s P  |a 0  |w stuzp64388_0001